[Event "Finkenstein op"]
[Site "Finkenstein"]
[Date "1996.??.??"]
[Round "2"]
[White "Praznik, Niko"]
[Black "Kocher, Michel"]
[Result "1-0"]
[WhiteElo "2145"]
[BlackElo "1740"]
[PlyCount "65"]
[EventDate "1996.??.??"]
[EventType "swiss"]
[EventRounds "9"]
[EventCountry "AUT"]
[SourceTitle "EXT 1997"]
[Source "ChessBase"]
[SourceDate "1996.11.15"]
[SourceVersion "1"]
[SourceVersionDate "1996.11.15"]
[SourceQuality "1"]

1. e4 g6 2. d4 Bg7 3. Nc3 d6 4. Nf3 Nf6 5. Bc4 0-0 6. Qe2 a6 7. a4 c5 8. dxc5 dxc5 9. e5 Ng4 10. h3 Nh6 11. 0-0 Nc6 12. Rd1 Qb6 13. e6 f6 14. Nd5 Qa7 15. a5 Qb8 16. Bf4 Ne5 17. Nxe7+ Kh8 18. Nxc8 Nxf3+ 19. Qxf3 Qxc8 20. Rd7 Nf5 21. c3 Qc6 22. Bd5 Qb5 23. Rxb7 Qe8 24. e7 Nxe7 25. Rxe7 Qxe7 26. Bxa8 g5 27. Be3 Rb8 28. Be4 Rxb2 29. Qf5 Bf8 30. Rd1 Ra2 31. g3 Ra4 32. Bc2 Qb7 33. Bxa4 1-0